000 00566nam a2200217 a 4500
001 BS0001994
003 BR-BrBNA
005 20230905152201.0
008 230308b |||||||| |||| 00| 0 por d
040 _aBR-BrBNA
_bpor
_cBiblioteca Nacional de Agricultura
041 _apor
072 _aS85
090 _aS85 BS0001994
100 1 _aHorney, Karen.
245 1 _aNossos Conflitos Interiores /
250 1 _a5 ed.
260 3 _aRio de Janeiro, RJ:
_bCivilização Brasileira,
_c1974.
300 _a218 p.
650 _aLITERATURA AMERICANA
942 _cBK
_2AGRIS
999 _c7017
_d7017